000 nam a22 7a 4500
999 _c10384
_d10384
008 180215b ||||| |||| 00| 0 eng d
100 _aCBSE
_96338
245 _aPolitical Science-XII
260 _aNew Delhi
_bCBSE
_c2012-2013